Vista normal
Vista MARC
Entrada Topical Term
Número de registros utilizados en: 2
001 - CONTROL NUMBER
- control field: 38861
003 - CONTROL NUMBER IDENTIFIER
- control field: OSt
005 - DATE AND TIME OF LATEST TRANSACTION
- control field: 20210728171448.0
008 - FIXED-LENGTH DATA ELEMENTS
- fixed length control field: 210728|| aca||aabn | a|a d
040 ## - CATALOGING SOURCE
- Original cataloging agency: OSt
- Transcribing agency: OSt
150 ## - HEADING--TOPICAL TERM
- Topical term or geographic name entry element: Auditoría de la calidad
670 ## - SOURCE DATA FOUND
- Source citation: Work cat.: (OSt)7915: 15808, Directrices para la auditoría de los sistemas de gestión de la calidad y/o ambiental / , 2002